=LDR 00000nam 2200000 4500 =001 INLIS000000000053676 =005 20181226014434 =035 ##$$a 0010-1218000012 =007 ta =008 181226###########################0###### =020 ##$$a 957-627-120-7 =082 ##$$a 028.5 =084 ##$$a 028.5 TAN s8 =100 #$$a Tan Fe Jau =245 1#$$a seri tokoh dunia : alfred bernhard nobel =260 ##$$a taiwan :$b newton publishing,$c 1995 =300 ##$$a 109 hlm : $b ilus ; $c 17 cm =990 ##$$a 86988698 =990 ##$$a 00093252